02826cam a22003974i 4500003000900000005001700009008004100026035002000067040003300087100004300120245030100163264001000464300004000474336002100514337002500535338002300560502005900583504002400642520156700666526001002233526001002243526000902253526000902262526000902271526000902280526000902289526000902298526000902307526000802316526000802324526000802332526000802340526000802348650003602356700003602392PE-LiUPU20250731165423.0160118s2014 pe a grm 000 0 spa d a(Sirsi) a155783 aPE-LiUPUbspacPE-LiUPUerda1 aRodríguez Villanueva, Marisoleautor1 aEfectividad del programa "La Era vive feliz sin EDAS" en el conocimiento, actitudes y práctica del manejo de enfermedades diarreicas agudas por parte de las madres o cuidadoras de niños menores de 4 años en el centro poblado Virgen del Carmen La Era, 2013 /cMarisol Rodríguez Villanueva. 0c2014. a159 hojas : bilustraciones;c30 cm atext2rdacontent aunmediated2rdamedia avolume2rdacarrier aTesisb(Lic.) -- cUniversidad Peruana Unión,d2014. aIncluye referencias3 aEl presente trabajo es cuantitativo de diseño pre experimental no probabilístico, porque se trabajó con un solo grupo a quien se le aplicó un pre test y post test a fin de determinar la efectividad del programa. Resultados: antes de la intervención del programa las madres presentan un nivel de conocimiento deficiente (86.7%) y solo el 3.3% tiene un nivel conocimiento excelente, después de la intervención, la mayoría evidencia un nivel de conocimiento excelente en el manejo de las EDAD (93.3%) y solo el 6.7% tiene un conocimiento regular. En cuanto a las actitudes de la implementación del programa solo el 46.7% de las madres presentaba una actitud altamente favorable después de la intervención la mayoría de las madres o cuidadoras presenta una actitud altamente favorable (86.7%). En relación a las prácticas la mayoría de las madres antes de iniciar el programa no practicada el hábito de tener las manos limpias y las uñas cortadas (80%). No obstante luego de la implementación del programa se aprecia que solo el 10% de las madres no practica estas medidas de higiene. Conclusión: Después de la implementación del programa la mayoría evidencia un nivel conocimiento excelente en el manejo de las EDAS (93.3%) y solo el 6.7% tiene un conocimiento regular; además, la mayoría presenta una actitud altamente favorable (86.7%) frente al manejo de las EDAD. Lo mismo sucede con las prácticas donde las madres luego del programa en su mayoría practican los items que previenen la aparición de las EDAS. aSEG44 aSEG26 aP151 aP150 aP149 aP146 aP145 aP126 aP125 aP92 aP75 aP74 aP27 aP1504aTutoras o cuidadoras de niños1 aLópez Pariona, Julissaeautor